NBL Teams - Statistics

General Stats
  • This quiz has been taken 424 times
  • The average score is 8 of 10
Answer Stats
Answer % Correct
Sydney Kings
86%
Perth Wildcats
83%
Tasmania JackJumpers
81%
New Zealand Breakers
80%
Brisbane Bullets
78%
Melbourne United
75%
Cairns Taipans
74%
Adelaide 36ers
73%
Illawarra Hawks
70%
South East Melbourne Phoenix
61%
No matching quizzes found
Score Distribution
Percent of People with Each Score
Percentile by Number Answered
Your Score History
You have not taken this quiz